<?xml version="1.0" encoding="utf-8"?>
<?xml-stylesheet type='text/xsl' href='./oai2.xsl'?>
<OAI-PMH xmlns="http://www.openarchives.org/OAI/2.0/" xmlns:xsi="http://www.w3.org/2001/XMLSchema-instance" xsi:schemaLocation="http://www.openarchives.org/OAI/2.0/ http://www.openarchives.org/OAI/2.0/OAI-PMH.xsd">
  <responseDate>2026-06-07T13:57:20Z</responseDate>
  <request verb="GetRecord" metadataPrefix="marcxml" identifier="record_kuniweb_947221">https://kulturerbe.niedersachsen.de/oai</request>
  <GetRecord>
    <record>
      <header>
        <identifier>record_kuniweb_947221</identifier>
        <datestamp>2026-03-31T19:09:18Z</datestamp>
        <setSpec>slg0191</setSpec>
      </header>
      <metadata>
        <marc:record xmlns:marc="http://www.loc.gov/MARC21/slim" xsi:schemaLocation="http://www.loc.gov/MARC21/slim http://www.loc.gov/standards/marcxml/schema/MARC21slim.xsd">
          <marc:leader>12345nkm  22     uu 4500</marc:leader>
          <marc:controlfield tag="001">947221</marc:controlfield>
          <marc:controlfield tag="003">http://kuniweb.gbv.de</marc:controlfield>
          <marc:controlfield tag="005">2017-01-31T17:55:35</marc:controlfield>
          <marc:controlfield tag="008">|           ||||||||||||||||||||||</marc:controlfield>
          <marc:datafield tag="245" ind1="1" ind2="0">
            <marc:subfield code="a">Foto: Einbecker Nachbarschaft 1905, Altendorfer und Backofenstraßen-Gemeinde</marc:subfield>
          </marc:datafield>
          <marc:datafield tag="655" ind1=" " ind2="7">
            <marc:subfield code="a">Fotografie</marc:subfield>
          </marc:datafield>
          <marc:datafield tag="046" ind1=" " ind2=" ">
            <marc:subfield code="k">1905</marc:subfield>
            <marc:subfield code="k">1905</marc:subfield>
          </marc:datafield>
          <marc:datafield tag="260" ind1=" " ind2=" ">
            <marc:subfield code="g">1905</marc:subfield>
            <marc:subfield code="g">1905</marc:subfield>
          </marc:datafield>
          <marc:datafield tag="300" ind1=" " ind2=" ">
            <marc:subfield code="a">Breite: 30,6 cm
Höhe: 24,5 cm</marc:subfield>
          </marc:datafield>
          <marc:datafield tag="520" ind1=" " ind2=" ">
            <marc:subfield code="a">Gruppenaufnahme in einem Park (vermutlich Offiziersgarten oder Wallanlagen  in Einbeck), mit den Schaffern und Schafferinnen sowie Kranzjungfern der Nachbarschaft der Altendorfer und Backofenstraßen-Gemeinde. Die Männer im Anzug mit Zylinder, die Mädchen mit Blütenkränzen im Haar, drei kleine Jungen in der ersten Reihe halten Nachbarschaftsbuch, Pokal und Sammelbüchse. (Stadtmuseum Einbeck)

Aufschrift:
(1) Stadtarchiv Einbeck (2) B 5607 (3) Einbecker Nachbarschaft 1905 Altendorfer und Backofenstr. Gemeinde (4) Männer obere Reihe: Trising, Carl Riemenschneider, Fritz Schuster, Barmeyer, Hübener untere Reihe: Bollmann, Schmiedemeister, Dörge, Kupferschmied (5) Schneiden ((1) Stempel, nachträglich gestrichen (2) handschriftlich, blauschwarzer Kugelschreiber, dazu Stempel des Heimatmuseums (3) Eintrag in zwei verschiedenen Handschriften, eine davon Georg Ernst, blauschwarzer bzw. blauer Kugelschreiber (4) handschriftliche Ergänzung einer dritten Person, blauer Kugelschreiber (5) in Bleistift in großzügiger Handschrift, offenbar auf Originalformat Fotokarton vom Fotografen notiert)</marc:subfield>
          </marc:datafield>
          <marc:datafield tag="650" ind1="1" ind2=" ">
            <marc:subfield code="a">Grafik, Fotografie &gt; Fotografie</marc:subfield>
          </marc:datafield>
          <marc:datafield tag="773" ind1="0" ind2=" ">
            <marc:subfield code="t">Sammlung Festtagskultur</marc:subfield>
          </marc:datafield>
          <marc:datafield tag="852" ind1=" " ind2=" ">
            <marc:subfield code="a">Stadtmuseum Einbeck</marc:subfield>
          </marc:datafield>
          <marc:datafield tag="852" ind1=" " ind2=" ">
            <marc:subfield code="a">Einbeck (Northeim, Niedersachsen)</marc:subfield>
          </marc:datafield>
          <marc:datafield tag="" ind1=" " ind2=" ">
            <marc:subfield code="a">Namensnennung - Weitergabe unter gleichen Bedingungen 4.0 International (CC BY-SA 4.0)</marc:subfield>
          </marc:datafield>
        </marc:record>
      </metadata>
    </record>
  </GetRecord>
</OAI-PMH>
